000 00527nam a22001937a 4500
999 _c7823
_d7823
003 OSt
005 20220317100701.0
008 220317b ||||| |||| 00| 0 eng d
020 _a9781842779484
040 _cDDC
082 _a304.8 DIA 2010
100 _aKim, Knott : Sean Mcloughlin
_915923
245 _aDiasporas
_b: concepts , intersections, indentities
260 _aNewyork
_b: zed books
_c,2010
300 _aviii,319p.
_c; 24 cm
504 _aBibliography Index
650 _aMigrations
_915924
942 _2ddc
_cBOOK